NFL: Top 3 Most Rushing Yards in Each Draft Round (2024) - Statistics

General Stats
  • This quiz has been taken 11 times
  • The average score is 7 of 18
Answer Stats
Round # Player Yards College % Correct
First Round 1st Caleb Williams 599 Oklahoma / USC
90%
First Round 3rd Drake Maye 519 North Carolina
90%
First Round 2nd Jayden Daniels 976 Arizona State / LSU
90%
Fourth Round 125th Bucky Irving 1,359 Minnesota / Oregon
80%
Third Round 83rd Blake Corum 327 Michigan
40%
Second Round 33rd Keon Coleman 9 Michigan State / Florida State
40%
Second Round 52nd Adonai Mitchell 6 Georgia / Texas
30%
Fifth Round 147th Audric Estimé 310 Notre Dame
30%
Sixth Round 181st Kimani Vidal 155 Troy
30%
Fourth Round 128th Ray Davis 471 Temple / Vanderbilt / Kentucky
30%
Fifth Round 150th Spencer Rattler 248 Oklahoma / South Carolina
30%
Fifth Round 166th Tyrone Tracy Jr. 907 Iowa / Purdue
30%
Fourth Round 129th Isaac Guerendo 420 Wisconsin / Louisville
20%
Third Round 92nd Jalen McMillan 43 Washington
20%
Sixth Round 186th Jase McClellan 32 Alabama
20%
Second Round 46th Jonathon Brooks 22 Texas
20%
Sixth Round 184th Malik Washington 85 Northwestern / Virginia
20%
Third Round 66th Trey Benson 451 Oregon / Florida State
20%
No matching quizzes found
Score Distribution
Percent of People with Each Score
Percentile by Number Answered
Your Score History
You have not taken this quiz